Guía explicativa del Protocolo de Nagoya sobre acceso y participación en los beneficios (Registro nro. 8480)

Detalles MARC
000 -CABECERA
Campo de control 00905nam a22002657a 4500
005 - FECHA Y HORA DE LA ULTIMA TRANSACCION
Campo de control 20140704101009.0
008 - ELEMENTOS DE LONGITUD FIJA—INFORMACION GENERAL
Campo de control 130724b2013 -cn||||| ||||a00| 0 eng d
020 ## - ISBN
ISBN 9782831716060
041 ## - IDIOMA
Código de idioma para texto/pista de sonido o título separado Español
044 ## - PAÍS DE PUBLICACIÓN
País de publicación Canadá
082 ## - NUMERO DE CLASIFICACION DECIMAL DEWEY
Número de clasificación 344.04
Número del ítem G82g
245 ## - MENCION DE TITULO
Título Guía explicativa del Protocolo de Nagoya sobre acceso y participación en los beneficios
260 ## - PUBLICACION, DISTRIBUCION, ETC. (PIE DE IMPRENTA)
Lugar de publicación, distribución, etc. Gland (Suiza)
Nombre del editor, distribuidor, etc. UICN
Fecha de publicación, distribución, etc. 2013
300 ## - DESCRIPCION FISICA
Extensión 402 p.
Dimensiones 28 cm.
490 ## - MENCION DE SERIE
Mención de serie UICN Serie de política y derecho ambiental
Designación numérica/secuencial del volumen 83
650 ## - ASIENTO SECUNDARIO DE MATERIA - TERMINO TEMATICO
Término temático o nombre geográfico como elemento de entrada Seguridad de la biotecnología
Subdivisión de forma guias
650 ## - ASIENTO SECUNDARIO DE MATERIA - TERMINO TEMATICO
Término temático o nombre geográfico como elemento de entrada Biodiversidad
Subdivisión general Derecho y legislación
Subdivisión de forma guias
650 ## - ASIENTO SECUNDARIO DE MATERIA - TERMINO TEMATICO
Término temático o nombre geográfico como elemento de entrada Derecho del medio ambiente
650 ## - ASIENTO SECUNDARIO DE MATERIA - TERMINO TEMATICO
Término temático o nombre geográfico como elemento de entrada Biodiversidad
Subdivisión general Cooperación internacional
650 ## - ASIENTO SECUNDARIO DE MATERIA - TERMINO TEMATICO
Término temático o nombre geográfico como elemento de entrada Biotecnología
700 #1 - ASIENTO SECUNDARIO - NOMBRE PERSONAL
Nombre personal Greiber, Thomas
700 #1 - ASIENTO SECUNDARIO - NOMBRE PERSONAL
Nombre personal Peña-Moreno, Sonia
700 #1 - ASIENTO SECUNDARIO - NOMBRE PERSONAL
Nombre personal Ahren, Mattias
942 ## - ELEMENTOS ADICIONALES (KOHA)
Sistema de clasificación Dewey Decimal Classification
Tipo de ítem Impreso
Existencias
Withdrawn status Lost status Sistema de Clasificación Damaged status No para préstamo Colección Inventariado Ubicación Permanente Ubicación actual Fecha de adquisición Fuente de Valor Valor Total Checkouts Número topográfico Inventario / Código de Barras Date last seen Ejemplar Price effective from Forma de adquisición Tipo de material
    Dewey Decimal Classification     General Inventariado 2017 Sala Fabio Quevedo Sala Fabio Quevedo 01/07/2014 Instituto 39000.00   LB-344.04 G82g 038114 01/07/2014 Ej. 1 01/07/2014   Libro